Chinese and Japanese cloisonné enamels (Record no. 3353)
[ view plain ]
| 000 -CABECERA | |
|---|---|
| campo de control de longitud fija | 00897nam a2200265 a 4500 |
| 001 - NÚMERO DE CONTROL | |
| campo de control | BRCA_3618 |
| 005 - FECHA Y HORA DE LA ÚLTIMA TRANSACCIÓN | |
| campo de control | 20190320204345.0 |
| 008 - DATOS DE LONGITUD FIJA--INFORMACIÓN GENERAL | |
| campo de control de longitud fija | 240809s1962----enka---###---#000-0#eng-# |
| 041 ## - CÓDIGO DE LENGUA | |
| Código de lengua del texto/banda sonora o título independiente | eng |
| 044 ## - CÓDIGO DEL PAÍS DE LA ENTIDAD EDITORA/PRODUCTORA | |
| Código MARC del país | enk |
| 050 #4 - SIGNATURA TOPOGRÁFICA DE LA BIBLIOTECA DEL CONGRESO | |
| Número de clasificación | NK5015 |
| Número de documento/Ítem | .G37 1 1962 |
| 100 1# - ENTRADA PRINCIPAL--NOMBRE DE PERSONA | |
| Nombre de persona | Garner, Harry Mason |
| Títulos y otros términos asociados al nombre | Sir |
| 9 (RLIN) | 9383 |
| 245 10 - MENCIÓN DE TÍTULO | |
| Título | Chinese and Japanese cloisonné enamels |
| Mención de responsabilidad, etc. | by Sir Harry Garner. |
| 260 ## - PUBLICACIÓN, DISTRIBUCIÓN, ETC. | |
| Lugar de publicación, distribución, etc. | Londres |
| Nombre del editor, distribuidor, etc. | Faber & Faber |
| Fecha de publicación, distribución, etc. | 1962 |
| 300 ## - DESCRIPCIÓN FÍSICA | |
| Extensión | 120 p. |
| Otras características físicas | il. (algunas a color), 94 láminas |
| Dimensiones | 25 cm. |
| 500 ## - NOTA GENERAL | |
| Nota general | Incluye índice de autores, índice de materias, apéndice y 6 láminas a color numeradas alfabéticamente |
| 500 ## - NOTA GENERAL | |
| Nota general | Dos ejemplares con el mismo número de inventario |
| 500 ## - NOTA GENERAL | |
| Nota general | Ejemplares igual a S88 |
| 500 ## - NOTA GENERAL | |
| Nota general | B290 |
| 504 ## - NOTA DE BIBLIOGRAFÍA, ETC. | |
| Nota de bibliografía, etc. | Bibliografía: p. 114-116 |
| 650 14 - PUNTO DE ACCESO ADICIONAL DE MATERIA--TÉRMINO DE MATERIA | |
| Término de materia o nombre geográfico como elemento de entrada | Esmalte horneado |
| Subdivisión geográfica | China |
| 9 (RLIN) | 9384 |
| 650 14 - PUNTO DE ACCESO ADICIONAL DE MATERIA--TÉRMINO DE MATERIA | |
| Término de materia o nombre geográfico como elemento de entrada | Esmalte horneado |
| Subdivisión geográfica | Japón |
| 9 (RLIN) | 9385 |
| 902 ## - CATALOGADOR | |
| Iniciales | GFM |
| 942 ## - ELEMENTOS DE PUNTO DE ACCESO ADICIONAL (KOHA) | |
| Fuente del sistema de clasificación o colocación | Library of Congress Classification |
| Tipo de ítem Koha | Libros |
| Estado de retiro | Estado de pérdida | Estado dañado | No para préstamo | Localización permanente | Ubicación/localización actual | Fecha de adquisición | Número de inventario | Total de préstamos | Signatura topográfica completa | Código de barras | Fecha visto por última vez | Precio válido a partir de | Tipo de ítem Koha |
|---|---|---|---|---|---|---|---|---|---|---|---|---|---|
| El ejemplar forma parte de la colección y puede ser consultado según las políticas vigentes. | Biblioteca del Museo Franz Mayer (Rogerio Casas-Alatriste) | Biblioteca del Museo Franz Mayer (Rogerio Casas-Alatriste) | 24/08/2009 | B290 | NK5015 .G37 1 1962 (B290) | 3615 | 22/03/2019 | 22/03/2019 | Libros |